| Tag |
First Indicator |
Second Indicator |
Subfields |
| LEADER |
00000cam a2200000 i 4500 |
| 001 |
in00000077541 |
| 005 |
20190207093445.0 |
| 008 |
780930s1970 us ac b 00010 eng d |
| 035 |
|
|
|a (OCoLC)04260337
|
| 035 |
|
|
|9 AAH4838AM
|
| 040 |
|
|
|a WIH
|c WIH
|d TXA
|d UtOrBLW
|
| 049 |
|
|
|a TXAS
|c [1700749]
|
| 090 |
|
|
|a BX6480.R53
|b F17
|
| 100 |
1 |
|
|a Hardin, Abe R.,
|c Mrs.
|
| 245 |
1 |
2 |
|a A history of the First Baptist Church, Richmond, Texas, 1885-1970 /
|c [compiled and written by Mrs. Abe R. Hardin].
|
| 264 |
|
1 |
|a [Place of publication not identified] :
|b [publisher not identified],
|c [1970?]
|
| 300 |
|
|
|a 63 pages :
|b illustrations, portraits ;
|c 22 cm.
|
| 336 |
|
|
|a text
|b txt
|2 rdacontent
|
| 337 |
|
|
|a unmediated
|b n
|2 rdamedia
|
| 338 |
|
|
|a volume
|b nc
|2 rdacarrier
|
| 500 |
|
|
|a The Cushing Library/Chapman Texas Collection copy is part of the Floyd & Louise Chapman Texas & Borderlands Collection.
|5 TXA
|
| 500 |
|
|
|a Cover title.
|
| 504 |
|
|
|a Bibliography: page 40.
|
| 610 |
1 |
0 |
|a Richmond, Tex.
|b First Baptist Church.
|
| 999 |
|
|
|a MARS
|
| 999 |
f |
f |
|s 718971db-6d10-3ab4-9729-4606ea9c5764
|i b10b3cf9-2f22-3ca6-8e35-78efa2be5f2a
|t 0
|
| 952 |
f |
f |
|p noncirc
|a Texas A&M University
|b College Station
|c Cushing Memorial Library & Archives
|d Cushing: Chapman Texas Collection (Does not check out)
|t 0
|e BX6480.R53 F17
|h Library of Congress classification
|i unmediated -- volume
|m A14852108787
|
| 998 |
f |
f |
|a BX6480.R53 F17
|t 0
|l Cushing: Chapman Texas Collection (Does not check out)
|